| 000 | 00435nam a22001697a 4500 | ||
|---|---|---|---|
| 005 | 20160511120601.0 | ||
| 008 | 160511b xxu||||| |||| 00| 0 eng d | ||
| 020 | _a978-81203-0838-1 | ||
| 041 | _aeng | ||
| 082 | _b1262 | ||
| 100 |
_aJr. Adam Everetle Ebert J. Ronald _9446 |
||
| 245 | _aProduction and operation management | ||
| 260 |
_bAshok K. Ghosh PHI Learning _c1992 |
||
| 300 | _a729 | ||
| 650 |
_aManagement _9241 |
||
| 942 | _cBK | ||
| 999 |
_c534 _d534 |
||